Virálny marketing ako nástroj ovplyvňujúci spotrebiteľské správanie mladých ľudí bakalárska práca

Salvato in:
Dettagli Bibliografici
Autore principale: Krotká, Jana
Ente Autore: Obchodná fakulta EU. Katedra marketingu
Altri autori: Ružička, Tomáš, 1991-
Natura: Libro
Lingua:slovacco
Pubblicazione: Bratislava 2017
Tags: Aggiungi Tag
Nessun Tag, puoi essere il primo ad aggiungerne!!

MARC

LEADER 00000nbm a2200000 4500
001 0232844
005 20170920131700.6
041 0 |a slo 
044 |a SK 
245 1 0 |a Virálny marketing ako nástroj ovplyvňujúci spotrebiteľské správanie mladých ľudí  |b bakalárska práca  |c Jana Krotká ; školiteľ: Tomáš Ružička 
264 1 |a Bratislava  |c 2017 
300 |a 56 s. 
100 1 |a Krotká, Jana 
700 1 |a Ružička, Tomáš, 1991- 
710 2 |a Obchodná fakulta EU. Katedra marketingu